Engineering statistics

Guardat en:
Dades bibliogràfiques
Autor principal: Montgomery, Doughlas C.
Format: Llibre
Idioma:Undetermined
Publicat: New York John Wiley and Son 2011
Matèries:
Etiquetes: Afegir etiqueta
Sense etiquetes, Sigues el primer a etiquetar aquest registre!
Thư viện lưu trữ: Trung tâm Học liệu Trường Đại học Cần Thơ
LEADER 00558nam a2200181Ia 4500
001 CTU_181583
008 210402s9999 xx 000 0 und d
082 |a 519.502462 
082 |b M758 
100 |a Montgomery, Doughlas C. 
245 0 |a Engineering statistics 
245 0 |c Doughlas C. Montgomery, George C. Runger, Normal Farris Hubele 
260 |a New York 
260 |b John Wiley and Son 
260 |c 2011 
650 |a Engineering,Toán thống kê 
650 |x Statistical methods 
980 |a Trung tâm Học liệu Trường Đại học Cần Thơ